000 00906nam a2200277Ia 4500
003 OSt
005 20220926005429.0
006 a|||||r|||| 00| 0
007 ta
008 220923b |||||||| |||| 00| 0 eng d
020 _a9783319783772
_c9281.99
037 _b00071, 28/02/2020, The Bookseller
_cGeneral Book
040 _aRTL
_cRTL
_beng
041 _2eng
_aeng
082 _aU:(D6,9(B), Q8
100 _aKAR Arpan Kumar
_9310297
245 0 _aDigital India
_b Reflections and practice
260 _a New Delhi
_bSpringer
_c2018
300 _axii,284p.
_ccm.
490 _aAdvances in Theory and Practice of Emerging Markets
650 _aGeography
700 _a GUPTA M P
_9151701
700 _a SINHA Shuchi
_9310298
942 _hU:(D6,9(B), Q8
_cGB
_2CC
999 _c613826
_d613826